[Event "Lliga Catalana DH"]
[Site "?"]
[Date "2015.02.07"]
[Round "3.2"]
[White "Vassallo Barroche, M."]
[Black "Oratovsky, M."]
[Result "1-0"]
[WhiteElo "2424"]
[BlackElo "2530"]
[PlyCount "51"]
[EventDate "2015.??.??"]
[EventType "team"]

1. d4 Nf6 2. Nf3 g6 3. g3 Bg7 4. Bg2 O-O 5. O-O c6 6. c4 d6 7. Nc3 Bf5 8. b3
Ne4 9. Bb2 Nxc3 10. Bxc3 Be4 11. e3 b5 12. Bh3 bxc4 13. bxc4 c5 14. Rc1 Nd7 15.
Nd2 cxd4 16. exd4 Bb7 17. Re1 a6 18. Nb3 Nf6 19. Na5 Rb8 20. d5 e5 21. Nc6 Bxc6
22. dxc6 Qc7 23. Qa4 Rfe8 24. Ba5 Qe7 25. c7 Rf8 26. Qc6 1-0

[Event "Lliga Catalana DH"]
[Site "?"]
[Date "2015.02.07"]
[Round "3.3"]
[White "Martinez Alcantara, JE."]
[Black "Alonso Moyano, J."]
[Result "1-0"]
[WhiteElo "2414"]
[BlackElo "2471"]
[PlyCount "75"]
[EventDate "2015.??.??"]
[EventType "team"]

1. c4 e5 2. g3 Nf6 3. Bg2 d5 4. cxd5 Nxd5 5. Nc3 Nb6 6. e3 Nc6 7. Nge2 Bd6 8.
O-O O-O 9. f4 f5 10. fxe5 Nxe5 11. Nf4 c5 12. b3 Ng6 13. a4 Nxf4 14. gxf4 a5
15. Ba3 Rb8 16. Nb5 Be7 17. Rc1 Nd7 18. d4 cxd4 19. Bxe7 Qxe7 20. Qxd4 Nf6 21.
Rc7 Qe6 22. Qc3 Re8 23. Rd1 Kf8 24. Bd5 Qxe3+ 25. Qxe3 Rxe3 26. Rf7+ Ke8 27.
Nc7+ Kd8 28. Be6+ Bd7 29. Rdxd7+ Nxd7 30. Rxd7+ Kc8 31. Rd3+ Kxc7 32. Rxe3 Kd6
33. Bxf5 Rf8 34. Bxh7 Rxf4 35. Rg3 Rf7 36. Rg5 b6 37. Bg8 Rc7 38. Bc4 1-0

[Event "Lliga Catalana DH"]
[Site "?"]
[Date "2015.02.07"]
[Round "3.4"]
[White "Bergez, L."]
[Black "Hernando Rodrigo, JA."]
[Result "1/2-1/2"]
[WhiteElo "2403"]
[BlackElo "2400"]
[PlyCount "118"]
[EventDate "2015.??.??"]
[EventType "team"]

1. e4 e6 2. Qe2 c5 3. g3 Nc6 4. Nf3 g6 5. Bg2 Bg7 6. O-O Nge7 7. c3 O-O 8. d3
e5 9. a3 d5 10. b4 d4 11. bxc5 dxc3 12. Nxc3 Bg4 13. Be3 Nd4 14. Bxd4 Bxf3 15.
Bxf3 Qxd4 16. Rfc1 Qxc5 17. Nd5 Qd6 18. Nxe7+ Qxe7 19. Rc3 Qd6 20. Qc2 Bf6 21.
Rb1 Rab8 22. Rb5 Bd8 23. a4 Bb6 24. a5 Bd4 25. Rc7 Qa6 26. Qc4 Qf6 27. Kg2 b6
28. a6 Bc5 29. Rxa7 Rbc8 30. Qa2 Bd4 31. Bg4 Rc1 32. Rd5 h5 33. Bh3 Ra1 34. Qc2
b5 35. Rxd4 exd4 36. Bc8 Qb6 37. Rd7 b4 38. Bb7 b3 39. Qb2 Ra2 40. Qxd4 Qa5 41.
Bd5 b2 42. Rb7 Qxa6 43. Rb6 b1=Q 44. Rxb1 Ra4 45. Bc4 Qa8 46. Rb6 Kh7 47. Rd6
Qb7 48. Rd7 Qc6 49. Rd6 Qb7 50. Qc5 Qe7 51. Qd5 Ra7 52. Rb6 Rd7 53. Qb5 Rc7 54.
Bd5 Qe5 55. Qb3 Kg7 56. Qd1 Qd4 57. Ra6 Rc3 58. Ra4 Qxd3 59. Qxd3 Rxd3 1/2-1/2

[Event "Lliga Catalana DH"]
[Site "?"]
[Date "2015.02.07"]
[Round "3.5"]
[White "Escandell Mari, JC."]
[Black "Gomez Jurado, LA."]
[Result "0-1"]
[WhiteElo "2386"]
[BlackElo "2431"]
[PlyCount "62"]
[EventDate "2015.??.??"]
[EventType "team"]

1. e4 c6 2. d4 d5 3. e5 Bf5 4. Nd2 e6 5. Nb3 Nd7 6. Nf3 h6 7. Be2 Ne7 8. O-O
Nc8 9. a4 Be7 10. a5 a6 11. Be3 O-O 12. Qd2 Na7 13. c4 dxc4 14. Bxc4 Be4 15.
Qe2 Bd5 16. Rfd1 Nb5 17. Bxd5 cxd5 18. Rdc1 Na7 19. Ne1 Nc6 20. Nd3 Rc8 21. Qg4
Kh7 22. Bd2 b6 23. Rcb1 bxa5 24. Nxa5 Qb6 25. Nxc6 Rxc6 26. Bc3 Rb8 27. Qd1 Kg8
28. Rc1 Rbc8 29. Qa4 Nb8 30. Re1 Rc4 31. Qa5 Qb7 0-1

[Event "Lliga Catalana DH"]
[Site "?"]
[Date "2015.02.07"]
[Round "3.7"]
[White "Bru Rullo, L."]
[Black "Perez Mañas, B."]
[Result "0-1"]
[WhiteElo "2261"]
[BlackElo "2375"]
[PlyCount "74"]
[EventDate "2015.??.??"]
[EventType "team"]

1. c4 f5 2. d4 Nf6 3. g3 g6 4. Bg2 Bg7 5. Nf3 O-O 6. O-O Ne4 7. Nbd2 Nxd2 8.
Qxd2 d6 9. d5 Nd7 10. Rb1 a5 11. b3 Nc5 12. Bb2 e5 13. dxe6 Nxe6 14. Bxg7 Kxg7
15. Nd4 Nxd4 16. Qxd4+ Qf6 17. Rbd1 Qxd4 18. Rxd4 a4 19. b4 a3 20. Rb1 Ra4 21.
Rd3 Re8 22. Kf1 Be6 23. Bd5 c6 24. Bxe6 Rxe6 25. f3 Kf7 26. Rbb3 Ke7 27. Rdc3
Re5 28. Ke1 Kd7 29. Kd2 b5 30. Kd3 Kc7 31. e3 Kb6 32. Kd4 Rxb4 33. Kd3 bxc4+
34. Rxc4 Rxb3+ 35. axb3 Ra5 36. Rc1 a2 37. Ra1 Kb5 0-1

[Event "Lliga Catalana DH"]
[Site "?"]
[Date "2015.02.07"]
[Round "3.8"]
[White "Obon Temprano, S."]
[Black "Castellet Giralt, G."]
[Result "1-0"]
[WhiteElo "2373"]
[BlackElo "2286"]
[PlyCount "93"]
[EventDate "2015.??.??"]
[EventType "team"]

1. d4 g6 2. Nf3 Bg7 3. c3 d6 4. Bg5 c6 5. e4 Nd7 6. Bc4 b5 7. Bb3 Nb6 8. Nbd2
Nf6 9. e5 Nfd5 10. exd6 f6 11. O-O exd6 12. Re1+ Kf7 13. Bf4 Be6 14. Bg3 Re8
15. Ne4 Bf8 16. Nxf6 Qxf6 17. Bh4 Qf5 18. Bc2 Qg4 19. Rxe6 Kg8 20. Rxe8 Rxe8
21. Bb3 Kg7 22. a4 Nf4 23. Bg3 Ne2+ 24. Kf1 b4 25. cxb4 Nd5 26. Bxd5 cxd5 27.
Qd2 Qd7 28. b5 Nxg3+ 29. hxg3 Kg8 30. Re1 Rxe1+ 31. Qxe1 Bg7 32. Qc3 Bf6 33.
Qc6 Qf5 34. b3 g5 35. Qa8+ Kg7 36. Qxa7+ Kg6 37. Kg1 g4 38. Nh4+ Bxh4 39. gxh4
Qb1+ 40. Kh2 Qf5 41. Qc7 Qf4+ 42. Kg1 g3 43. fxg3 Qxg3 44. Qe7 Qxb3 45. Qxd6+
Kh5 46. Qe5+ Kxh4 47. Qf4+ 1-0

[Event "Lliga Catalana DH"]
[Site "?"]
[Date "2015.02.07"]
[Round "3.9"]
[White "Garcia Acosta, R."]
[Black "Bosque Ortega, X."]
[Result "1/2-1/2"]
[WhiteElo "2216"]
[BlackElo "2300"]
[PlyCount "67"]
[EventDate "2015.??.??"]
[EventType "team"]

1. e4 c6 2. d4 g6 3. Nc3 d5 4. Nf3 Bg7 5. h3 Nf6 6. Bd3 dxe4 7. Nxe4 Nxe4 8.
Bxe4 Bf5 9. Qd3 Bxe4 10. Qxe4 Qd5 11. Qh4 Qc4 12. c3 Nd7 13. Bh6 Bf6 14. Qf4
Qe6+ 15. Qe3 Qxe3+ 16. Bxe3 e5 17. O-O-O exd4 18. Bxd4 O-O 19. Rhe1 Rfd8 20.
Rd2 Bxd4 21. Rxd4 Nc5 22. Red1 Rxd4 23. Rxd4 Re8 24. Rd2 Kf8 25. Kc2 Re7 26.
Nd4 Re1 27. f3 h5 28. b4 Ne6 29. Nxe6+ Rxe6 30. a4 Ke7 31. Kb3 Rd6 32. Re2+ Kd7
33. a5 Kc7 34. f4 1/2-1/2

[Event "Lliga Catalana DH"]
[Site "?"]
[Date "2015.02.07"]
[Round "3.10"]
[White "Ramirez Carrizo, VJ."]
[Black "Valencia Jimenez, J."]
[Result "1/2-1/2"]
[WhiteElo "2229"]
[BlackElo "2185"]
[PlyCount "66"]
[EventDate "2015.??.??"]
[EventType "team"]

1. e4 c5 2. Nf3 Nc6 3. d4 cxd4 4. Nxd4 g6 5. Nc3 Bg7 6. Be3 Nf6 7. Bc4 O-O 8.
Bb3 Qa5 9. f3 d6 10. Qd2 Bd7 11. O-O-O Rac8 12. h4 Nxd4 13. Bxd4 Be6 14. Kb1
Bxb3 15. axb3 Rfd8 16. Bxf6 Bxf6 17. Nd5 Qxd2 18. Nxf6+ exf6 19. Rxd2 Kf8 20.
Rd4 Ke7 21. Rhd1 Ke6 22. Rc4 Rc6 23. Kc1 Rdc8 24. Rdd4 h5 25. Rxc6 bxc6 26. Rb4
Rc7 27. Kd2 Ke5 28. Ke3 f5 29. exf5 Kxf5 30. g4+ hxg4 31. fxg4+ Ke5 32. Re4+
Kd5 33. Rd4+ Ke5 1/2-1/2

[Event "Lliga Catalana DH"]
[Site "?"]
[Date "2015.02.07"]
[Round "3.2"]
[White "Vila Gazquez, X."]
[Black "Amigo Vilalta, J."]
[Result "1-0"]
[WhiteElo "2341"]
[BlackElo "2512"]
[PlyCount "121"]
[EventDate "2015.??.??"]
[EventType "team"]

1. e4 c5 2. Nf3 Nc6 3. Nc3 g6 4. Bc4 Bg7 5. O-O d6 6. h3 Nf6 7. d3 O-O 8. a3
Ne8 9. Be3 Nd4 10. Nh2 Nc7 11. Nd5 Nxd5 12. exd5 b5 13. Ba2 b4 14. axb4 cxb4
15. Bc4 a5 16. Bd2 Bd7 17. c3 bxc3 18. bxc3 Nb5 19. d4 Nc7 20. Re1 Re8 21. Bg5
Bf6 22. Bxf6 exf6 23. Ba2 Rb8 24. c4 Na6 25. Rxe8+ Bxe8 26. Bb3 Rb4 27. Ra3 Kg7
28. Ng4 h5 29. Ne3 Qb6 30. Kh2 f5 31. g3 Bd7 32. h4 Nc7 33. Kg2 Ne8 34. Qd3 a4
35. Bc2 Nf6 36. Qc3 Qb8 37. Kg1 Ne4 38. Qd3 Rb2 39. Nd1 Rb4 40. Kg2 Qb7 41. f3
Nf6 42. Qc3 Kh7 43. Nf2 Rb6 44. Bxa4 Bxa4 45. Rxa4 Rb3 46. Qa5 Qe7 47. Ra3 Rb2
48. Ra2 Rxa2 49. Qxa2 Qe3 50. Qa6 f4 51. Qxd6 fxg3 52. Kxg3 Qxd4 53. Qf4 Qa1
54. Kg2 Kg8 55. Qd2 Qe5 56. d6 Nd7 57. Ne4 f5 58. Ng5 f4 59. c5 Qxc5 60. Qa2+
Kh8 61. Qa8+ 1-0

[Event "Lliga Catalana DH"]
[Site "?"]
[Date "2015.02.07"]
[Round "3.3"]
[White "Canal Oliveras, J."]
[Black "Pardo Simon, D."]
[Result "1/2-1/2"]
[WhiteElo "2339"]
[BlackElo "2474"]
[PlyCount "96"]
[EventDate "2015.??.??"]
[EventType "team"]

1. e4 c5 2. c3 d5 3. exd5 Qxd5 4. d4 Nc6 5. dxc5 Qxd1+ 6. Kxd1 Bf5 7. Bb5 e6 8.
Be3 Nf6 9. Nf3 Nd5 10. Nd4 O-O-O 11. Ke2 Bg4+ 12. f3 Nxe3 13. Kxe3 Bxc5 14.
Bxc6 bxc6 15. Ke2 Bh5 16. Nb3 Bb6 17. Na3 e5 18. Nc4 e4 19. Nxb6+ axb6 20. Rad1
c5 21. g4 exf3+ 22. Kxf3 Bg6 23. Rxd8+ Rxd8 24. Re1 h5 25. gxh5 Bxh5+ 26. Kf4
Bg6 27. h4 Rd3 28. Re2 Rh3 29. Kg4 Rh1 30. Nd2 Rg1+ 31. Kh3 Rd1 32. Kg4 Kc7 33.
Nf3 Rb1 34. h5 Bd3 35. Re7+ Kd6 36. Rxf7 Rxb2 37. Kg3 b5 38. Rxg7 b4 39. cxb4
c4 40. h6 c3 41. Ne1 Be4 42. h7 Bxh7 43. Rxh7 Rxa2 44. Rh8 Rb2 45. Nd3 c2 46.
Rd8+ Ke7 47. Rc8 Rb3 48. Rxc2 Rxd3+ 1/2-1/2

[Event "Lliga Catalana DH"]
[Site "?"]
[Date "2015.02.07"]
[Round "3.4"]
[White "Alexandrova, O."]
[Black "Dalo, H."]
[Result "1-0"]
[WhiteElo "2438"]
[BlackElo "2312"]
[PlyCount "255"]
[EventDate "2015.??.??"]
[EventType "team"]

1. d4 d6 2. Nf3 Nf6 3. c4 g6 4. Nc3 Bg7 5. Bg5 c6 6. e3 Nbd7 7. Be2 O-O 8. O-O
a6 9. a4 a5 10. Qc2 Qc7 11. Rad1 e5 12. Nd2 h6 13. Bh4 Re8 14. Bg3 Re6 15. c5
dxc5 16. Bc4 Re7 17. Qxg6 cxd4 18. exd4 b5 19. axb5 cxb5 20. Nxb5 Qxc4 21.
Qxg7+ Kxg7 22. Nxc4 Ba6 23. Nbd6 Bxc4 24. Nxc4 exd4 25. Rxd4 Re4 26. Rfd1 Rxd4
27. Rxd4 Rc8 28. f3 Rc5 29. Bd6 Rb5 30. Ba3 Ne5 31. Nxe5 Rxe5 32. Kf2 Rb5 33.
Ke2 Rg5 34. g3 Rh5 35. h4 Rb5 36. Kd2 Rf5 37. Rd3 Rb5 38. Kc3 Nh5 39. Kc4 Rb7
40. g4 Nf4 41. Rd2 Ng6 42. Bd6 Nxh4 43. f4 Ng6 44. f5 Nh8 45. Rd5 f6 46. Rb5
Rd7 47. Bb8 Nf7 48. Rxa5 Rd2 49. Kc3 Rg2 50. Ra4 h5 51. gxh5 Rg5 52. Ra5 Rxh5
53. Bf4 Rh4 54. Bd2 Ne5 55. Ra7+ Kg8 56. b4 Rh5 57. b5 Rxf5 58. b6 Rf3+ 59. Kb4
Nc6+ 60. Kb5 Nd4+ 61. Kc4 Nc6 62. Ra8+ Kf7 63. b7 Ke6 64. Rc8 Ne5+ 65. Kb4 Nd7
66. Rd8 Rf1 67. Kb5 Rf5+ 68. Kc4 Rc5+ 69. Kb4 Rc2 70. Bc3 Rc1 71. Bb2 Rc6 72.
Bd4 Rc1 73. Ka3 Rc7 74. Rxd7 Rxd7 75. b8=Q Rxd4 76. Kb3 f5 77. Kc3 Re4 78. Kd3
Kf6 79. Qg8 Ke5 80. Qg5 Ke6 81. Qg7 Rg4 82. Qh6+ Ke5 83. Qh8+ Ke6 84. Ke3 Re4+
85. Kf3 Rg4 86. Qe8+ Kf6 87. Qc6+ Kg5 88. Qc7 Kf6 89. Qd6+ Kg5 90. Qe7+ Kg6 91.
Qe8+ Kf6 92. Qh5 Ke5 93. Qh6 Re4 94. Qg5 Ke6 95. Qg8+ Kf6 96. Qh8+ Kg6 97. Qf8
Rg4 98. Qd6+ Kg5 99. Qe5 Kg6 100. Qd6+ Kg5 101. Qf8 Kg6 102. Ke3 Re4+ 103. Kd3
Rg4 104. Qd6+ Kg5 105. Qe6 Re4 106. Qf7 Kg4 107. Qg6+ Kf4 108. Qf6 Kg4 109. Qh6
Kf3 110. Qg5 Rf4 111. Qh5+ Kg3 112. Qg6+ Kf3 113. Qg5 Rg4 114. Qxf5+ Kg3 115.
Ke3 Kh4 116. Kf3 Rg3+ 117. Kf2 Rg4 118. Qe5 Rg5 119. Qe4+ Rg4 120. Qe7+ Kh5
121. Kf3 Rg6 122. Kf4 Kh6 123. Kf5 Rg8 124. Qf6+ Kh7 125. Qf7+ Rg7 126. Qh5+
Kg8 127. Kf6 Ra7 128. Qg4+ 1-0

[Event "Lliga Catalana DH"]
[Site "?"]
[Date "2015.02.07"]
[Round "3.5"]
[White "Vera Pons, F."]
[Black "Aloma Vidal, R."]
[Result "0-1"]
[WhiteElo "2314"]
[BlackElo "2482"]
[PlyCount "88"]
[EventDate "2015.??.??"]
[EventType "team"]

1. Nf3 c5 2. g3 Nc6 3. Bg2 g6 4. c3 Bg7 5. d4 d5 6. O-O Bg4 7. dxc5 e5 8. h3
Bf5 9. Qa4 Nge7 10. Nbd2 O-O 11. e4 dxe4 12. Nxe4 b5 13. cxb6 axb6 14. Qc2 Qc7
15. Qe2 h6 16. Rd1 Be6 17. Nd6 Bb3 18. Rd2 Bxa2 19. Nb5 Qb8 20. b4 Bb3 21. Rxa8
Qxa8 22. Na3 Qc8 23. b5 Na5 24. Nxe5 Re8 25. f4 Nf5 26. Qf2 Qxc3 27. Bb2 Qxg3
28. Qxg3 Nxg3 29. Bd4 Rd8 30. Bc3 Rxd2 31. Bxd2 Bf8 32. Nd7 Bxa3 33. Bxa5 bxa5
34. b6 Ne2+ 35. Kf2 Nxf4 36. Nf6+ Kf8 37. b7 Bd6 38. Ne4 Bc7 39. Nc5 Nxg2 40.
Nxb3 a4 41. Nd4 Nf4 42. h4 Ne6 43. Nb5 Bb8 44. Kf3 Nd8 0-1

[Event "Lliga Catalana DH"]
[Site "?"]
[Date "2015.02.07"]
[Round "3.6"]
[White "Martin Gonzalez, A."]
[Black "Ballesteros Collazos, S."]
[Result "1/2-1/2"]
[WhiteElo "2463"]
[BlackElo "2309"]
[PlyCount "112"]
[EventDate "2015.??.??"]
[EventType "team"]

1. e4 c5 2. Nf3 d6 3. d4 cxd4 4. Nxd4 Nf6 5. Nc3 a6 6. Bc4 e6 7. O-O Be7 8. Bb3
O-O 9. f4 Nbd7 10. Qf3 Nc5 11. g4 Nfd7 12. g5 Re8 13. Be3 Bf8 14. Rae1 b5 15.
Nde2 Bb7 16. Ng3 Qc7 17. Re2 Bc6 18. Nd1 Qb7 19. Bd4 a5 20. a3 Nxb3 21. Qxb3 b4
22. axb4 Qxb4 23. Qxb4 axb4 24. Rd2 e5 25. Be3 Nc5 26. Nf2 exf4 27. Bxf4 Nxe4
28. Nfxe4 Bxe4 29. Nxe4 Rxe4 30. Bxd6 Rg4+ 31. Kf2 Rxg5 32. Rfd1 Rf5+ 33. Kg3
Bxd6+ 34. Rxd6 g5 35. Rb6 Rc8 36. Rd2 Rc4 37. b3 Re4 38. Rd3 h5 39. Rf3 Rxf3+
40. Kxf3 Rf4+ 41. Kg2 Kg7 42. Rc6 f6 43. h3 Kg6 44. c3 bxc3 45. Rxc3 g4 46. Kg3
Rd4 47. Kh4 Re4 48. Rc8 Rb4 49. Rc3 f5 50. Rc6+ Kf7 51. Kxh5 g3 52. Rc3 f4 53.
Kg4 g2 54. Rc1 Rxb3 55. Kxf4 Rxh3 56. Rg1 Rh1 1/2-1/2

[Event "Lliga Catalana DH"]
[Site "?"]
[Date "2015.02.07"]
[Round "3.7"]
[White "Martin Grillo, R."]
[Black "Arias Boo, G."]
[Result "1/2-1/2"]
[WhiteElo "2303"]
[BlackElo "2389"]
[PlyCount "87"]
[EventDate "2015.??.??"]
[EventType "team"]

1. e4 e5 2. Nf3 Nc6 3. Bb5 a6 4. Ba4 Nf6 5. O-O Be7 6. Qe2 b5 7. Bb3 O-O 8. a3
d5 9. exd5 Nxd5 10. Nc3 Be6 11. d3 Nxc3 12. bxc3 Bxb3 13. cxb3 Qd5 14. c4 Qd6
15. Bb2 Bf6 16. Qe4 Rad8 17. b4 Rfe8 18. cxb5 axb5 19. Rac1 Re6 20. Rfd1 Qd5
21. g3 h6 22. h4 g6 23. Rd2 Bg7 24. Rc5 Qd7 25. g4 Nd4 26. Nxd4 exd4 27. Qf3
Qe7 28. g5 Re1+ 29. Kg2 Re8 30. Rdc2 Be5 31. Bc1 Bd6 32. Rxb5 h5 33. Bf4 Bxf4
34. Qxf4 Qd7 35. Rxc7 Qe6 36. Qf3 Ra1 37. Rbb7 Rf8 38. Re7 Qb3 39. Qe4 Qd1 40.
Qxg6+ Kh8 41. Qh6+ Kg8 42. Qg6+ Kh8 43. Qh6+ Kg8 44. Qg6+ 1/2-1/2

[Event "Lliga Catalana DH"]
[Site "?"]
[Date "2015.02.07"]
[Round "3.8"]
[White "Mestre Bellido, H."]
[Black "Juan Bartroli, P."]
[Result "1/2-1/2"]
[WhiteElo "2348"]
[BlackElo "2288"]
[PlyCount "64"]
[EventDate "2015.??.??"]
[EventType "team"]

1. Nf3 d5 2. g3 Nf6 3. Bg2 c6 4. O-O Bf5 5. c4 e6 6. Qb3 Qb6 7. Qxb6 axb6 8.
cxd5 Bxb1 9. Rxb1 exd5 10. a3 g6 11. b4 b5 12. Rb3 Bg7 13. Re3+ Kf8 14. Ne5
Nbd7 15. Bb2 Rd8 16. Bh3 Nxe5 17. Bxe5 Ne8 18. Bxg7+ Kxg7 19. a4 bxa4 20. Ra3
Ra8 21. Rfa1 Nd6 22. Rxa4 Rxa4 23. Rxa4 Re8 24. Bf1 Ne4 25. Ra2 Kf6 26. f3 Nd6
27. Kf2 Ke7 28. e3 Kd7 29. h4 h5 30. d4 Kc7 31. Bd3 Kb6 32. Ra5 f5 1/2-1/2

[Event "Lliga Catalana DH"]
[Site "?"]
[Date "2015.02.07"]
[Round "3.9"]
[White "Serrano Aspa, X."]
[Black "Ibañez Tarradellas, E."]
[Result "0-1"]
[WhiteElo "2262"]
[BlackElo "2364"]
[PlyCount "82"]
[EventDate "2015.??.??"]
[EventType "team"]

1. c4 e6 2. Nc3 d5 3. cxd5 exd5 4. d4 c6 5. Nf3 Bf5 6. Qb3 Qb6 7. Qxb6 axb6 8.
Nh4 Be6 9. e3 Be7 10. g3 Bxh4 11. gxh4 Bf5 12. Rg1 Nf6 13. Be2 O-O 14. Bd2 b5
15. f3 Re8 16. b3 Nbd7 17. Kf2 Ra3 18. Bc1 Ra5 19. b4 Ra7 20. a3 Nb6 21. Ra2
Rea8 22. Re1 Na4 23. Nxa4 Rxa4 24. Rd2 Ne8 25. Bd1 R4a7 26. e4 Be6 27. e5 Bf5
28. Rg1 Nc7 29. Ke3 Ne6 30. h5 Rxa3+ 31. Bxa3 Rxa3+ 32. Kf2 Nf4 33. Rg3 Nxh5
34. Rg5 g6 35. Rxf5 gxf5 36. Bc2 f4 37. Kg2 Ng7 38. Rf2 Ne6 39. Rd2 h6 40. h4
Kf8 41. Bd3 Nxd4 0-1

[Event "Lliga Catalana DH"]
[Site "?"]
[Date "2015.02.07"]
[Round "3.10"]
[White "Luna Cortes, L."]
[Black "Saez Coma, A."]
[Result "1-0"]
[WhiteElo "2309"]
[BlackElo "2192"]
[PlyCount "73"]
[EventDate "2015.??.??"]
[EventType "team"]

1. e4 c5 2. g3 Nc6 3. Bg2 g6 4. Nf3 Bg7 5. O-O d6 6. c3 Bg4 7. h3 Bxf3 8. Qxf3
e6 9. d3 Nge7 10. Qe2 O-O 11. Bf4 b5 12. Nd2 b4 13. Rfc1 bxc3 14. bxc3 Qd7 15.
Nf3 Rab8 16. Qd2 Rb6 17. d4 c4 18. Bh6 Rfb8 19. Bxg7 Kxg7 20. Qf4 Rb2 21. Bf1
d5 22. e5 Ng8 23. h4 h6 24. Nh2 Qe7 25. Re1 Rc2 26. Re3 Rbb2 27. Rf3 Rxa2 28.
Rxa2 Rxa2 29. Ng4 a5 30. Nf6 a4 31. h5 g5 32. Qc1 Qb7 33. Ne8+ Kh8 34. Nd6 Qb2
35. Nxf7+ Kg7 36. Nxg5 Nd8 37. Qf4 1-0

[Event "Lliga Catalana DH"]
[Site "?"]
[Date "2015.02.07"]
[Round "3.2"]
[White "Fluvia Poyatos, Joan"]
[Black "Alarcon Casellas, R."]
[Result "1-0"]
[WhiteElo "2551"]
[BlackElo "2503"]
[PlyCount "117"]
[EventDate "2015.??.??"]
[EventType "team"]

1. e4 c5 2. Nf3 e6 3. d4 cxd4 4. Nxd4 a6 5. Bd3 Bc5 6. Nb3 Be7 7. a4 Qc7 8.
N1d2 Nf6 9. Qe2 Nc6 10. O-O e5 11. Nc4 d6 12. Be3 Be6 13. Nb6 Rd8 14. c4 O-O
15. a5 Qb8 16. f3 Rfe8 17. Nd5 Nd7 18. Qf2 Bf8 19. Rfc1 g6 20. Nd2 Rc8 21. Bf1
Bg7 22. b4 f5 23. b5 Nd4 24. bxa6 bxa6 25. Rab1 Qa7 26. Nb3 fxe4 27. Nb6 Rcd8
28. Nxd4 exd4 29. Bxd4 Bxd4 30. Qxd4 exf3 31. Qxd6 Nf6 32. Qf4 Bf5 33. Qxf3 Qe7
34. Ra1 Ng4 35. Ra2 Qc5+ 36. Kh1 Re3 37. Qf4 Re4 38. Qg3 Re3 39. Qf4 h6 40. Na4
Qe7 41. h3 Re4 42. Qf3 Re3 43. Re2 Qc7 44. Qxg4 Bxg4 45. Rxe3 Qf4 46. Rce1 Bf5
47. Nb6 Qd4 48. g4 Bd7 49. Bg2 Qd6 50. Nd5 Kh8 51. Re7 Rf8 52. c5 Qg3 53. R1e3
Qb8 54. Rxd7 Qb1+ 55. Kh2 Qb8+ 56. Nc7 Qb4 57. Re4 Qb2 58. Ree7 Kg8 59. Rg7+
1-0

[Event "Lliga Catalana DH"]
[Site "?"]
[Date "2015.02.07"]
[Round "3.3"]
[White "Vidarte Morales, A."]
[Black "Panelo Muñoz, MA."]
[Result "1/2-1/2"]
[WhiteElo "2444"]
[BlackElo "2457"]
[PlyCount "51"]
[EventDate "2015.??.??"]
[EventType "team"]

1. g3 c5 2. Bg2 Nc6 3. d3 g6 4. e4 Bg7 5. f4 d6 6. Nh3 d5 7. e5 f6 8. exf6 exf6
9. O-O Nge7 10. Nc3 O-O 11. Re1 h5 12. Nf2 Bf5 13. Ne2 Qd7 14. c3 Rfe8 15. Bd2
Kh8 16. b4 b6 17. a4 Rac8 18. a5 cxb4 19. cxb4 bxa5 20. bxa5 Be6 21. Qa4 Nf5
22. Nd1 Bf7 23. Rc1 Qd6 24. Kf1 Nce7 25. Nf2 Be6 26. Rxc8 1/2-1/2

[Event "Lliga Catalana DH"]
[Site "?"]
[Date "2015.02.07"]
[Round "3.4"]
[White "Jose Abril, R."]
[Black "Vehi Bach, VM."]
[Result "0-1"]
[WhiteElo "2400"]
[BlackElo "2414"]
[PlyCount "60"]
[EventDate "2015.??.??"]
[EventType "team"]

1. d4 Nf6 2. c4 e6 3. Nc3 Bb4 4. e3 O-O 5. a3 Bxc3+ 6. bxc3 d5 7. cxd5 exd5 8.
Bd3 c5 9. Ne2 b6 10. O-O Ba6 11. f3 Bxd3 12. Qxd3 Re8 13. Ra2 Nc6 14. Ng3 Qd7
15. Re2 Rad8 16. Bb2 h5 17. Nf5 Ne7 18. Nxe7+ Rxe7 19. e4 dxe4 20. fxe4 Rde8
21. Rf4 c4 22. Qf3 Qb7 23. e5 Qxf3 24. Rxf3 Nd5 25. a4 f6 26. Ba3 Re6 27. Bd6
Kf7 28. a5 Rxd6 29. Ra2 Rd7 30. axb6 axb6 0-1

[Event "Lliga Catalana DH"]
[Site "?"]
[Date "2015.02.07"]
[Round "3.5"]
[White "Fernandez Cazorla, A."]
[Black "Oms Fuentes, L."]
[Result "0-1"]
[WhiteElo "2322"]
[BlackElo "2378"]
[PlyCount "88"]
[EventDate "2015.??.??"]
[EventType "team"]

1. Nf3 d5 2. d4 e6 3. c4 c5 4. cxd5 exd5 5. g3 Nc6 6. Bg2 Nf6 7. O-O Be7 8.
dxc5 Bxc5 9. Qc2 Be7 10. Nc3 Be6 11. Rd1 Qa5 12. Ng5 Rd8 13. Bf4 d4 14. Nxe6
fxe6 15. Ne4 Nd5 16. Bd2 Qb6 17. Ng5 Bxg5 18. Bxg5 Rd6 19. Be4 h6 20. Bg6+ Kd7
21. Bd2 Rf8 22. Be1 e5 23. Be4 Nf6 24. Bxc6+ Qxc6 25. Qf5+ Re6 26. e3 Qd5 27.
Rac1 Rc8 28. Rxc8 Kxc8 29. exd4 e4 30. Qg6 Re7 31. Rc1+ Kb8 32. Rc5 Qxd4 33.
Qf5 a6 34. Bc3 Qd1+ 35. Kg2 Qd7 36. Be5+ Ka7 37. Qf4 Qd3 38. Bxf6 gxf6 39. Rc8
Qd5 40. Qe3+ b6 41. Rh8 h5 42. Rh6 Qf5 43. Qe2 e3 44. Rxh5 Qxh5 0-1

[Event "Lliga Catalana DH"]
[Site "?"]
[Date "2015.02.07"]
[Round "3.6"]
[White "Raineri de Luca, P."]
[Black "Asensio Liñan, T."]
[Result "0-1"]
[WhiteElo "2374"]
[BlackElo "2254"]
[PlyCount "80"]
[EventDate "2015.??.??"]
[EventType "team"]

1. d4 Nf6 2. c4 c5 3. d5 e5 4. Nc3 d6 5. g3 Be7 6. Bg2 Na6 7. e4 O-O 8. Nge2
Ne8 9. O-O Bd7 10. Be3 Rb8 11. Nb5 Ra8 12. Qd2 Nec7 13. Nec3 Kh8 14. f4 f6 15.
a3 Qe8 16. Qe2 Nxb5 17. Nxb5 Bxb5 18. cxb5 Nc7 19. a4 f5 20. fxe5 fxe4 21. Bxe4
dxe5 22. Rxf8+ Bxf8 23. Qf2 Qe7 24. Rc1 Re8 25. Bxc5 Qg5 26. Be3 Qg4 27. Bf5
Qxa4 28. Rxc7 Qd1+ 29. Qf1 Qxd5 30. Bc2 e4 31. Qf7 Qe5 32. Qc4 Qf5 33. Rf7 Qe5
34. Bd4 Qg5 35. Qf1 Bc5 36. Bxc5 Qxc5+ 37. Qf2 e3 38. Qe2 Rc8 39. Bd3 Rd8 40.
Rf3 Rxd3 0-1

[Event "Lliga Catalana DH"]
[Site "?"]
[Date "2015.02.07"]
[Round "3.7"]
[White "Oset Teixidor, G."]
[Black "Iglesias Romero, J."]
[Result "0-1"]
[WhiteElo "2143"]
[BlackElo "2365"]
[PlyCount "88"]
[EventDate "2015.??.??"]
[EventType "team"]

1. d4 Nf6 2. Nf3 d6 3. Bf4 c6 4. c4 Bg4 5. Qb3 Qb6 6. Nbd2 Nbd7 7. e3 Nh5 8.
Bd3 g6 9. h3 Bxf3 10. Nxf3 Nxf4 11. exf4 Bg7 12. O-O O-O 13. f5 Bxd4 14. fxg6
hxg6 15. Nxd4 Qxd4 16. Rad1 Nc5 17. Qc2 Qf6 18. f4 Kg7 19. Be2 Rh8 20. f5 g5
21. Rf3 Rag8 22. Rg3 Kf8 23. b4 Nd7 24. b5 Qe5 25. bxc6 bxc6 26. Rb3 Qc5+ 27.
Kh2 g4 28. Qe4 gxh3 29. g4 Qf2+ 30. Kh1 Nc5 31. Rb8+ Kg7 32. Rxg8+ Rxg8 33.
Qd4+ Qxd4 34. Rxd4 Kf6 35. Kh2 Rb8 36. Rd2 Ne4 37. Rc2 Ng5 38. Kg3 Rb1 39. Kh2
c5 40. Bd3 Re1 41. Rb2 Ke5 42. Rf2 Kd4 43. Bc2 Ke3 44. Re2+ Rxe2+ 0-1

[Event "Lliga Catalana DH"]
[Site "?"]
[Date "2015.02.07"]
[Round "3.8"]
[White "Gutierrez Clares, J."]
[Black "Soler Rionegro, A."]
[Result "1-0"]
[WhiteElo "2328"]
[BlackElo "2058"]
[PlyCount "67"]
[EventDate "2015.??.??"]
[EventType "team"]

1. d4 Nf6 2. c4 c5 3. d5 d6 4. Nc3 g6 5. e4 Bg7 6. h3 Na6 7. Bd3 Nc7 8. Nf3 O-O
9. O-O Bd7 10. a4 a6 11. Re1 b5 12. axb5 axb5 13. Rxa8 Qxa8 14. cxb5 Rb8 15.
Qe2 Qa5 16. Bd2 Qb6 17. Ra1 e6 18. dxe6 fxe6 19. e5 Nfd5 20. exd6 Qxd6 21. Ne4
Qf8 22. Rc1 Nf4 23. Bxf4 Qxf4 24. Rxc5 Nd5 25. g3 Qf8 26. Bc4 Nb6 27. Ne5 Bxe5
28. Rxe5 Nxc4 29. Qxc4 Rc8 30. Rc5 Ra8 31. Kg2 Ra1 32. Rc7 Be8 33. Qc3 Bxb5 34.
Nf6+ 1-0

[Event "Lliga Catalana DH"]
[Site "?"]
[Date "2015.02.07"]
[Round "3.9"]
[White "Gil Gil, A."]
[Black "Fernandez Madrid, C."]
[Result "0-1"]
[WhiteElo "1981"]
[BlackElo "2270"]
[PlyCount "82"]
[EventDate "2015.??.??"]
[EventType "team"]

1. e4 g6 2. d4 Bg7 3. Nc3 d6 4. Be2 Nf6 5. h4 h6 6. Be3 c6 7. Nh3 Bxh3 8. Rxh3
Nbd7 9. Qd2 h5 10. O-O-O Qc7 11. f3 a6 12. Bd3 c5 13. f4 cxd4 14. Bxd4 O-O 15.
f5 Ne5 16. Be2 Rac8 17. Kb1 b5 18. Bxe5 dxe5 19. fxg6 fxg6 20. Rg3 b4 21. Nd5
Nxd5 22. Qxd5+ Kh7 23. Qb3 a5 24. Ba6 Rcd8 25. Rxd8 Qxd8 26. Qd3 Qb6 27. a4
bxa3 28. Qb5 Qg1+ 29. Ka2 axb2 30. Qxb2 Rf4 31. Qb7 Qc5 32. Bd3 Rxh4 33. Qa6
Qd6 34. Qc8 Rf4 35. Qa8 Rf8 36. Qxa5 Qc6 37. Qb5 Ra8+ 38. Kb2 Qd6 39. Kc1 Ra1+
40. Kd2 Qd4 41. Qe8 Qf2+ 0-1